[Event "MCRE_CF13"]
[Site "?"]
[Date "2006.??.??"]
[Round "?"]
[White "Svoboda, Frantisek"]
[Black "Kohler, Josef"]
[Result "1-0"]
[WhiteElo "1997"]
[BlackElo "2158"]
[PlyCount "25"]
[EventDate "2006.??.??"]
[EventType "corr"]
[EventRounds "2"]
[SourceDate "2007.01.09"]

1. Nc3 c5 2. Nf3 Nf6 3. e4 d6 4. d4 cxd4 5. Qxd4 a6 6. Be2 Nc6 7. Qd3 Bg4 8.
O-O Nd7 9. Bf4 g6 10. Nd5 Nd4 11. Qxd4 Bxf3 12. Qxh8 Bxe2 13. Bg5 1-0

[Event "MCRE_CF13"]
[Site "?"]
[Date "2006.??.??"]
[Round "?"]
[White "Kohler, Josef"]
[Black "Glembek, Bohumir"]
[Result "1-0"]
[WhiteElo "2158"]
[BlackElo "2077"]
[PlyCount "67"]
[EventDate "2006.??.??"]
[EventType "corr"]
[EventRounds "2"]
[SourceDate "2007.01.09"]

1. Nf3 Nf6 2. g3 g6 3. Bg2 Bg7 4. O-O O-O 5. c4 c6 6. d4 d5 7. cxd5 cxd5 8. Nc3
Ne4 9. Ne5 Bf5 10. Be3 Nxc3 11. bxc3 Nc6 12. Qb3 e6 13. Nxc6 bxc6 14. Qa3 Re8
15. Bf4 e5 16. dxe5 Bxe5 17. Bxe5 Rxe5 18. e3 Be4 19. Rfd1 Bxg2 20. Kxg2 Rf5
21. Rab1 Rh5 22. h4 Qf6 23. Qc5 g5 24. hxg5 Rxg5 25. Rd4 Rf5 26. Rb2 h6 27. c4
dxc4 28. Qxc4 c5 29. Rg4+ Kh8 30. Rd2 Rc8 31. e4 Rg5 32. Rxg5 hxg5 33. Rd5 Qb6
34. Rxg5 1-0

[Event "MCRE_CF13"]
[Site "?"]
[Date "2006.??.??"]
[Round "?"]
[White "Binas, Jindrich"]
[Black "Popelka, Miloslav"]
[Result "1/2-1/2"]
[WhiteElo "2039"]
[BlackElo "2147"]
[PlyCount "45"]
[EventDate "2006.??.??"]
[EventType "corr"]
[EventRounds "2"]
[SourceDate "2007.01.09"]

1. e4 c5 2. Nf3 d6 3. d4 cxd4 4. Nxd4 Nf6 5. Nc3 Nc6 6. Bg5 e6 7. Qd2 a6 8.
O-O-O h6 9. Be3 Be7 10. f4 Bd7 11. Kb1 b5 12. Bd3 O-O 13. h3 Nxd4 14. Bxd4 Bc6
15. Qe3 Qc7 16. e5 dxe5 17. Bxe5 Qb7 18. Rhf1 b4 19. Bxf6 Bxf6 20. Ne4 Bxe4 21.
Bxe4 Qa7 22. Qxa7 Rxa7 23. Rf3 1/2-1/2

[Event "MCRE_CF13"]
[Site "?"]
[Date "2006.??.??"]
[Round "?"]
[White "Glembek, Bohumir"]
[Black "Kohler, Josef"]
[Result "1/2-1/2"]
[WhiteElo "2077"]
[BlackElo "2158"]
[PlyCount "80"]
[EventDate "2006.??.??"]
[EventType "corr"]
[EventRounds "2"]
[SourceDate "2007.01.09"]

1. d4 Nf6 2. c4 e6 3. Nc3 Bb4 4. e3 O-O 5. Bd3 d5 6. Nge2 c5 7. cxd5 cxd4 8.
exd4 Nxd5 9. O-O Nc6 10. Nxd5 Qxd5 11. a3 Be7 12. Be3 Rd8 13. Nc3 Qd6 14. Qc2
Nxd4 15. Bxd4 Qxd4 16. Bxh7+ Kh8 17. Rad1 Qf4 18. Rxd8+ Bxd8 19. Be4 f5 20. Rd1
Bf6 21. Bf3 Be5 22. h3 Kh7 23. Qb3 Qh4 24. Qb5 Qf6 25. Qe8 Qg6 26. Qa4 Qg5 27.
Qb4 Qf6 28. Nb5 a6 29. Nd6 Qe7 30. Qc5 Bxd6 31. Rxd6 Ra7 32. Qb6 Ra8 33. Rd8 a5
34. Be2 Rb8 35. a4 Ra8 36. Bb5 Qg5 37. Qc7 Qf6 38. Rxc8 Rxc8 39. Qxc8 Qe5 40.
Qxe6 Qxe6 1/2-1/2

[Event "MCRE_CF13"]
[Site "?"]
[Date "2006.??.??"]
[Round "?"]
[White "Binas, Jindrich"]
[Black "Glembek, Bohumir"]
[Result "1/2-1/2"]
[WhiteElo "2038"]
[BlackElo "2077"]
[PlyCount "52"]
[EventDate "2006.??.??"]
[EventType "corr"]
[EventRounds "2"]
[SourceDate "2007.01.09"]

1. e4 Nf6 2. e5 Nd5 3. d4 d6 4. Nf3 Bg4 5. Be2 e6 6. O-O dxe5 7. Nxe5 Bxe2 8.
Qxe2 Nd7 9. Rd1 Bd6 10. c4 N5b6 11. Nc3 O-O 12. Rd3 Re8 13. b3 f6 14. Nxd7 Nxd7
15. c5 Bf8 16. Rh3 f5 17. Bf4 c6 18. Rd1 Qf6 19. b4 Rad8 20. a3 Qf7 21. Rf3 Nf6
22. Be5 Ng4 23. Bg3 Be7 24. h3 Nf6 25. b5 Nd5 26. bxc6 bxc6 1/2-1/2

[Event "MCRE_CF13"]
[Site "?"]
[Date "2006.??.??"]
[Round "?"]
[White "Glembek, Bohumir"]
[Black "Binas, Jindrich"]
[Result "1/2-1/2"]
[WhiteElo "2077"]
[BlackElo "2038"]
[PlyCount "57"]
[EventDate "2006.??.??"]
[EventType "corr"]
[EventRounds "2"]
[SourceDate "2007.01.09"]

1. d4 Nf6 2. c4 e6 3. Nc3 Bb4 4. a3 Bxc3+ 5. bxc3 c5 6. e3 b6 7. Bd3 Bb7 8. f3
Nc6 9. Ne2 O-O 10. e4 Ne8 11. O-O Rc8 12. Qa4 Na5 13. Rd1 Nd6 14. e5 Bc6 15.
Qc2 Ndxc4 16. Bxh7+ Kh8 17. Bd3 cxd4 18. cxd4 d6 19. Bf4 dxe5 20. dxe5 Bd5 21.
Bxc4 Rxc4 22. Qd3 Qc7 23. Nd4 Kg8 24. Qd2 Rc8 25. Qe1 Rxd4 26. Rxd4 Nb3 27.
Rdd1 Nxa1 28. Rxa1 Qc4 29. Qd2 1/2-1/2

[Event "MCRE_CF13"]
[Site "?"]
[Date "2006.??.??"]
[Round "?"]
[White "Glembek, Bohumir"]
[Black "Svoboda, Frantisek"]
[Result "1/2-1/2"]
[WhiteElo "2077"]
[BlackElo "1997"]
[PlyCount "55"]
[EventDate "2006.??.??"]
[EventType "corr"]
[EventRounds "2"]
[SourceDate "2007.01.09"]

1. d4 d5 2. c4 Nc6 3. Nc3 Nf6 4. cxd5 Nxd5 5. e4 Nxc3 6. bxc3 e5 7. d5 Nb8 8.
Nf3 Nd7 9. Bd3 Bd6 10. Be3 O-O 11. O-O Qe7 12. Nd2 Nc5 13. Bc2 Qh4 14. Qf3 Bd7
15. Qg3 Qxg3 16. hxg3 Rfe8 17. a4 a5 18. Rfd1 b6 19. f3 Bf8 20. g4 h6 21. Nc4
f6 22. Kf2 Rec8 23. Nb2 Rab8 24. Nd3 Kf7 25. Nxc5 Bxc5 26. Bb3 Ke8 27. Bc4
Bxe3+ 28. Kxe3 1/2-1/2

[Event "MCRE_CF13"]
[Site "?"]
[Date "2006.??.??"]
[Round "?"]
[White "Kohler, Josef"]
[Black "Binas, Jindrich"]
[Result "0-1"]
[WhiteElo "2158"]
[BlackElo "2039"]
[PlyCount "40"]
[EventDate "2006.??.??"]
[EventType "corr"]
[EventRounds "2"]
[SourceDate "2007.01.09"]

1. Nf3 d5 2. d4 Nf6 3. c4 c6 4. Nc3 e6 5. e3 Nbd7 6. Bd3 dxc4 7. Bxc4 b5 8. Bd3
Bd6 9. O-O O-O 10. Bd2 Bb7 11. Rc1 Rc8 12. Ng5 Be7 13. e4 h6 14. Nf3 b4 15. Na4
c5 16. dxc5 a5 17. Qe2 Bxc5 18. Rxc5 Nxc5 19. Nxc5 Rxc5 20. Bxb4 axb4 0-1

[Event "MCRE_CF13"]
[Site "?"]
[Date "2006.??.??"]
[Round "?"]
[White "Binas, Jindrich"]
[Black "Kohler, Josef"]
[Result "1-0"]
[WhiteElo "2039"]
[BlackElo "2158"]
[PlyCount "57"]
[EventDate "2006.??.??"]
[EventType "corr"]
[EventRounds "2"]
[SourceDate "2007.01.09"]

1. e4 c5 2. Nf3 d6 3. d4 cxd4 4. Nxd4 Nf6 5. Nc3 a6 6. Be3 e6 7. f3 Nc6 8. g4
Be7 9. Qd2 O-O 10. O-O-O Nxd4 11. Bxd4 b5 12. Kb1 Bb7 13. h4 Rc8 14. g5 Nd7 15.
a3 Ne5 16. Qe3 Nc4 17. Bxc4 Rxc4 18. Rhg1 b4 19. axb4 Rxb4 20. Bc5 Rc4 21. Ba3
Qc7 22. Rd3 Rc6 23. Rgd1 Rb8 24. Qf4 Rb6 25. Na4 a5 26. Nxb6 Qxb6 27. Bxd6 Bxd6
28. Qxd6 Qxd6 29. Rxd6 1-0

[Event "MCRE_CF13"]
[Site "?"]
[Date "2006.??.??"]
[Round "?"]
[White "Popelka, Miloslav"]
[Black "Cakl, Miloslav"]
[Result "1-0"]
[WhiteElo "2147"]
[BlackElo "1907"]
[PlyCount "67"]
[EventDate "2006.??.??"]
[EventType "corr"]
[EventRounds "2"]
[SourceDate "2007.01.09"]

1. e4 c5 2. Nf3 Nf6 3. e5 Nd5 4. Nc3 e6 5. Nxd5 exd5 6. d4 d6 7. Bb5+ Nc6 8.
O-O a6 9. Bxc6+ bxc6 10. Bf4 Be7 11. exd6 Bxd6 12. Qe1+ Be6 13. Be5 cxd4 14.
Bxg7 Rg8 15. Bxd4 c5 16. Be5 Qb6 17. Bxd6 Qxd6 18. Qe2 O-O-O 19. Rfe1 d4 20. g3
Bd5 21. Ne5 Qe6 22. Qh5 h6 23. f4 Qf6 24. Kf2 Rg5 25. Qh3+ Kc7 26. Re2 Qf5 27.
Qxf5 Rxf5 28. b3 f6 29. Ng6 Bf7 30. Ne7 Rh5 31. h4 d3 32. cxd3 Rxd3 33. f5 Rd4
34. Kg2 1-0

[Event "MCRE_CF13"]
[Site "?"]
[Date "2006.??.??"]
[Round "?"]
[White "Svoboda, Frantisek"]
[Black "Binas, Jindrich"]
[Result "1/2-1/2"]
[WhiteElo "1997"]
[BlackElo "2039"]
[PlyCount "71"]
[EventDate "2006.??.??"]
[EventType "corr"]
[EventRounds "2"]
[SourceDate "2007.01.09"]

1. Nc3 d5 2. d4 Nf6 3. Bg5 Nbd7 4. Nf3 e6 5. e3 Be7 6. Bd3 c5 7. O-O O-O 8. a3
b6 9. Nd2 h6 10. Bf4 a6 11. Re1 Bb7 12. Qf3 b5 13. Qh3 Re8 14. Rad1 Qb6 15. Nf3
c4 16. Be2 a5 17. a4 b4 18. Nb5 Rac8 19. Ne5 Red8 20. Bh5 Nxh5 21. Qxh5 Nxe5
22. dxe5 Bf8 23. Rd4 Rd7 24. Nd6 Bxd6 25. exd6 f6 26. Qg4 Re8 27. Qg6 Rc8 28.
Bxh6 Qxd6 29. Rg4 Qf8 30. Rh4 Qf7 31. Qg3 Kf8 32. Bf4 e5 33. Qh3 Ke7 34. Bg3 c3
35. f4 cxb2 36. fxe5 1/2-1/2

[Event "MCRE_CF13"]
[Site "?"]
[Date "2006.??.??"]
[Round "?"]
[White "Svoboda, Frantisek"]
[Black "Stika, Vaclav"]
[Result "1/2-1/2"]
[WhiteElo "1997"]
[BlackElo "2142"]
[PlyCount "57"]
[EventDate "2006.??.??"]
[EventType "corr"]
[EventRounds "2"]
[SourceDate "2007.01.09"]

1. Nc3 c5 2. Nf3 Nc6 3. d4 cxd4 4. Nxd4 Nf6 5. Bg5 d5 6. Bxf6 gxf6 7. e4 dxe4
8. Nxc6 bxc6 9. Nxe4 Qxd1+ 10. Rxd1 Rb8 11. b3 f5 12. Nd2 Bg7 13. f4 Rg8 14.
Nf3 Bb7 15. Kf2 c5 16. Rg1 Bb2 17. Bb5+ Kf8 18. Bc4 Be4 19. g3 Ke8 20. Rge1 e6
21. Bd3 Bxf3 22. Kxf3 Rd8 23. Rb1 Bc3 24. Re3 Bd4 25. Re2 Kd7 26. b4 Kc6 27.
b5+ Kb7 28. h3 h5 29. Rb3 1/2-1/2

[Event "MCRE_CF13"]
[Site "?"]
[Date "2006.??.??"]
[Round "?"]
[White "Binas, Jindrich"]
[Black "Svoboda, Frantisek"]
[Result "1-0"]
[WhiteElo "2039"]
[BlackElo "1997"]
[PlyCount "89"]
[EventDate "2006.??.??"]
[EventType "corr"]
[EventRounds "2"]
[SourceDate "2007.01.09"]

1. e4 Nc6 2. Nf3 f5 3. exf5 d5 4. d4 Bxf5 5. Bd3 Bg4 6. h3 Bxf3 7. Qxf3 Nf6 8.
Qe3 Nb4 9. Nd2 Nxd3+ 10. Qxd3 Qc8 11. O-O e6 12. Re1 Bd6 13. c4 O-O 14. c5 Bf4
15. Nf1 Nh5 16. g3 Bxc1 17. Raxc1 Nf6 18. Qe3 Re8 19. Kg2 c6 20. Nd2 Qc7 21.
Nf3 Re7 22. Re2 Rf8 23. Rce1 Qd8 24. Ne5 Qe8 25. Qd3 Ne4 26. b4 Ng5 27. h4 Ne4
28. a4 Nf6 29. b5 Nd7 30. Nxd7 Qxd7 31. f4 Rf6 32. Re5 Re8 33. Qe2 Kf7 34. h5
Rf8 35. f5 Re8 36. g4 h6 37. Qd3 Re7 38. Qf3 Kg8 39. Rxe6 Rexe6 40. fxe6 Rxe6
41. Qf5 Re7 42. Qxd7 Rxd7 43. Re8+ Kf7 44. Ra8 cxb5 45. axb5 1-0

[Event "MCRE_CF13"]
[Site "?"]
[Date "2006.??.??"]
[Round "?"]
[White "Popelka, Miloslav"]
[Black "Binas, Jindrich"]
[Result "1/2-1/2"]
[WhiteElo "2147"]
[BlackElo "2039"]
[PlyCount "52"]
[EventDate "2006.??.??"]
[EventType "corr"]
[EventRounds "2"]
[SourceDate "2007.01.09"]

1. e4 c5 2. Nf3 d6 3. d4 cxd4 4. Nxd4 Nf6 5. Nc3 a6 6. Be3 Ng4 7. Bg5 h6 8. Bh4
g5 9. Bg3 Bg7 10. h3 Ne5 11. Nf5 Bxf5 12. exf5 Nbc6 13. Nd5 e6 14. fxe6 fxe6
15. Ne3 d5 16. Qh5+ Nf7 17. O-O-O Qe7 18. c3 O-O-O 19. Bd3 Be5 20. Bxe5 Nfxe5
21. Qe2 Kb8 22. Nc2 Rd6 23. Nd4 Qf6 24. Rhe1 Nxd4 25. Qxe5 Qxe5 26. Rxe5 Nc6
1/2-1/2

[Event "MCRE_CF13"]
[Site "?"]
[Date "2006.??.??"]
[Round "?"]
[White "Cakl, Miloslav"]
[Black "Glembek, Bohumir"]
[Result "0-1"]
[WhiteElo "1907"]
[BlackElo "2077"]
[PlyCount "68"]
[EventDate "2006.??.??"]
[EventType "corr"]
[EventRounds "2"]
[SourceDate "2007.01.09"]

1. e4 Nf6 2. e5 Nd5 3. d4 d6 4. Nf3 Bg4 5. Be2 e6 6. O-O a6 7. c4 Nb6 8. exd6
cxd6 9. d5 exd5 10. Re1 Be7 11. Qd4 Bxf3 12. Qxg7 Bxe2 13. Qxh8+ Kd7 14. Qxd8+
Bxd8 15. Rxe2 Nxc4 16. Nc3 d4 17. Nd5 Nc6 18. Bh6 N6e5 19. b3 Nb6 20. Nf4 Bf6
21. Rd1 Rg8 22. a4 Bh8 23. h3 f5 24. a5 Nc8 25. Nd3 Na7 26. Kf1 Nb5 27. Red2
Rc8 28. f3 Rc3 29. b4 Nc4 30. Re2 Bf6 31. Nb2 Nba3 32. Bc1 Rb3 33. Na4 d3 34.
Ree1 Nc2 0-1

[Event "MCRE_CF13"]
[Site "?"]
[Date "2006.??.??"]
[Round "?"]
[White "Svoboda, Frantisek"]
[Black "Glembek, Bohumir"]
[Result "1/2-1/2"]
[WhiteElo "1997"]
[BlackElo "2077"]
[PlyCount "102"]
[EventDate "2006.??.??"]
[EventType "corr"]
[EventRounds "2"]
[SourceDate "2007.01.09"]

1. Nc3 Nf6 2. e4 e5 3. Bc4 Nxe4 4. Qh5 Nd6 5. Bb3 Nc6 6. Nb5 g6 7. Qf3 f5 8.
Qd5 Qe7 9. Nxc7+ Kd8 10. Nxa8 b6 11. Qd3 Bb7 12. Nxb6 axb6 13. Ne2 f4 14. O-O
Qf6 15. Re1 Qh4 16. a3 Nf5 17. Qf3 Bc5 18. d4 Bxd4 19. Bd5 Rf8 20. c3 Bc5 21.
b4 Nxb4 22. Bxb7 Nc2 23. Bxf4 Nxa1 24. Rxa1 exf4 25. Ba6 Nd6 26. Nd4 Re8 27.
Nb3 Kc7 28. Bf1 Qf6 29. a4 Ne4 30. Nxc5 bxc5 31. Rc1 Qe5 32. h3 d5 33. c4 Nd2
34. Qa3 dxc4 35. Bxc4 Kb6 36. a5+ Ka7 37. Qa4 Rd8 38. Qb5 Nxc4 39. Qxc4 Qd4 40.
Qf7+ Rd7 41. Qg8 Qd6 42. a6 Qc7 43. Qb3 g5 44. Qe6 Rd6 45. Qf5 c4 46. Qxg5 c3
47. Qb5 Rc6 48. Rc2 Rc4 49. Qh5 Qd7 50. Kh2 Qe7 51. Qd5 Qc7 1/2-1/2

[Event "MCRE_CF13"]
[Site "?"]
[Date "2006.??.??"]
[Round "?"]
[White "Kohler, Josef"]
[Black "Cakl, Miloslav"]
[Result "1-0"]
[WhiteElo "2158"]
[BlackElo "1907"]
[PlyCount "55"]
[EventDate "2006.??.??"]
[EventType "corr"]
[EventRounds "2"]
[SourceDate "2007.01.09"]

1. Nf3 Nf6 2. g3 d5 3. Bg2 g6 4. d4 Bg7 5. O-O O-O 6. c4 dxc4 7. Na3 Nc6 8.
Nxc4 Bf5 9. Nfe5 Nxd4 10. Bxb7 Rb8 11. Be3 Nc2 12. Qxd8 Rfxd8 13. Nc6 Rxb7 14.
Nxd8 Rb4 15. b3 Nxa1 16. Rxa1 Nd5 17. Rd1 Nc3 18. Rd2 Ne4 19. Rd5 Nc3 20. Rc5
Nxe2+ 21. Kf1 Bd3 22. Rxc7 Nxg3+ 23. Kg1 Bf5 24. hxg3 Be4 25. Bxa7 Rb5 26. Bc5
Bf3 27. a4 Rb8 28. Nc6 1-0

[Event "MCRE_CF13"]
[Site "?"]
[Date "2006.??.??"]
[Round "?"]
[White "Kohler, Josef"]
[Black "Popelka, Miloslav"]
[Result "0-1"]
[WhiteElo "2158"]
[BlackElo "2147"]
[PlyCount "101"]
[EventDate "2006.??.??"]
[EventType "corr"]
[EventRounds "2"]
[SourceDate "2007.01.09"]

1. Nf3 d5 2. g3 Bg4 3. Bg2 Nd7 4. O-O e6 5. d3 Bd6 6. Nbd2 Ne7 7. e4 O-O 8. d4
c5 9. dxc5 Bxc5 10. exd5 Nxd5 11. h3 Bh5 12. Ne4 Be7 13. c4 Nb4 14. Qb3 Bg6 15.
Nh4 Bxe4 16. Bxe4 f5 17. Bg2 a5 18. Nf3 Nc5 19. Qd1 Bf6 20. Be3 Qe7 21. Qe2 e5
22. Rad1 Rad8 23. a3 Nba6 24. Rxd8 Rxd8 25. Rd1 e4 26. Rxd8+ Qxd8 27. Ne1 a4
28. g4 Qd7 29. f3 fxg4 30. hxg4 Bd4 31. Bxd4 Qxd4+ 32. Kh1 Nd7 33. fxe4 Ne5 34.
Nc2 Qd8 35. Qf2 Qd1+ 36. Bf1 Qxg4 37. Ne3 Qh5+ 38. Kg2 Qg6+ 39. Kh2 Nc5 40. Qf5
Qxf5 41. exf5 Ned3 42. Bxd3 Nxd3 43. Kg3 Nxb2 44. Kf4 Nd3+ 45. Ke4 Nc5+ 46. Kf4
Kf7 47. Nd5 g6 48. Nc3 h5 49. Kg5 gxf5 50. Kxf5 h4 51. Kg4 0-1

[Event "MCRE_CF13"]
[Site "?"]
[Date "2006.??.??"]
[Round "?"]
[White "Popelka, Miloslav"]
[Black "Kohler, Josef"]
[Result "1-0"]
[WhiteElo "2147"]
[BlackElo "2158"]
[PlyCount "106"]
[EventDate "2006.??.??"]
[EventType "corr"]
[EventRounds "2"]
[SourceDate "2007.01.09"]

1. e4 c5 2. Nf3 d6 3. d4 cxd4 4. Nxd4 Nf6 5. Nc3 Nc6 6. Bg5 e6 7. Qd2 a6 8.
O-O-O Bd7 9. f3 Be7 10. h4 Rc8 11. Nxc6 Bxc6 12. Kb1 b5 13. Bd3 h6 14. Be3 d5
15. Qf2 b4 16. Ne2 Qc7 17. e5 Nd7 18. f4 Bb5 19. Nd4 Bxd3 20. cxd3 O-O 21. g4
Bc5 22. h5 Bxd4 23. Bxd4 b3 24. axb3 Qb7 25. g5 hxg5 26. fxg5 Qxb3 27. h6 g6
28. Qd2 a5 29. Rc1 Qb5 30. Rc3 Rxc3 31. Qxc3 Qa4 32. Rc1 Rb8 33. Ba7 Ra8 34. d4
Nf8 35. Bc5 Nh7 36. Be7 Re8 37. Bf6 Qb5 38. Qc6 Qd3+ 39. Ka2 Nxf6 40. exf6 Rb8
41. Qc3 Qb5 42. Qc2 Kh7 43. Qc5 Qa4+ 44. Kb1 Kg8 45. Qc7 Qe8 46. Rc5 a4 47. Qe7
Kh8 48. Ka2 Kg8 49. Rc7 Qf8 50. Rd7 Rd8 51. h7+ Kxh7 52. Qxf7+ Qxf7 53. Rxf7+
Kh8 1-0

[Event "MCRE_CF13"]
[Site "?"]
[Date "2006.??.??"]
[Round "?"]
[White "Binas, Jindrich"]
[Black "Cakl, Miloslav"]
[Result "1-0"]
[WhiteElo "2039"]
[BlackElo "1907"]
[PlyCount "69"]
[EventDate "2006.??.??"]
[EventType "corr"]
[EventRounds "2"]
[SourceDate "2007.01.09"]

1. e4 c5 2. Nf3 d6 3. d4 cxd4 4. Nxd4 Nf6 5. Nc3 a6 6. Be3 Ng4 7. Bg5 h6 8. Bh4
g5 9. Bg3 Bg7 10. h3 Ne5 11. f3 Nbc6 12. Bf2 Bd7 13. Qd2 Na5 14. Nd5 Nac4 15.
Bxc4 Nxc4 16. Qb4 Rc8 17. b3 Ne5 18. O-O-O b5 19. h4 g4 20. h5 a5 21. Qd2 a4
22. Bh4 axb3 23. axb3 f6 24. f4 Nc6 25. Nxb5 O-O 26. f5 Ne5 27. Nd4 Rb8 28. Qe3
Re8 29. Be1 Qc8 30. Bc3 Qb7 31. Rh4 Ra8 32. Ne6 Bxe6 33. fxe6 Kh7 34. Bxe5 dxe5
35. Rxg4 1-0

[Event "MCRE_CF13"]
[Site "?"]
[Date "2006.??.??"]
[Round "?"]
[White "Glembek, Bohumir"]
[Black "Stika, Vaclav"]
[Result "1/2-1/2"]
[WhiteElo "2077"]
[BlackElo "2142"]
[PlyCount "85"]
[EventDate "2006.??.??"]
[EventType "corr"]
[EventRounds "2"]
[SourceDate "2007.01.09"]

1. d4 d5 2. c4 c6 3. cxd5 cxd5 4. Nc3 Nf6 5. Bf4 Nc6 6. e3 a6 7. Bd3 Bg4 8.
Nge2 e6 9. O-O Be7 10. Rc1 Rc8 11. a3 Nd7 12. Qb3 Na5 13. Qa2 Bh5 14. Bg3 Bg6
15. Bxg6 hxg6 16. e4 dxe4 17. d5 exd5 18. Nxd5 Rxc1 19. Rxc1 Nc6 20. Rd1 O-O
21. Nxe7+ Nxe7 22. Qc4 Nb6 23. Qb3 Nbd5 24. Nc3 Qb6 25. Qxb6 Nxb6 26. Nxe4 Rc8
27. h4 Nf5 28. b3 Nxg3 29. fxg3 f5 30. Ng5 Kf8 31. Rd6 Rc6 32. Rd8+ Ke7 33. Rg8
Kf6 34. Rf8+ Ke5 35. Rf7 Nd5 36. Nf3+ Ke4 37. Rxb7 Rc1+ 38. Kh2 Ra1 39. Nd2+
Ke3 40. Rxg7 Kf2 41. Rxg6 Rg1 42. h5 Ne3 43. h6 1/2-1/2

[Event "MCRE_CF13"]
[Site "?"]
[Date "2006.??.??"]
[Round "?"]
[White "Stika, Vaclav"]
[Black "Glembek, Bohumir"]
[Result "1/2-1/2"]
[WhiteElo "2142"]
[BlackElo "2077"]
[PlyCount "80"]
[EventDate "2006.??.??"]
[EventType "corr"]
[EventRounds "2"]
[SourceDate "2007.01.09"]

1. e4 Nf6 2. e5 Nd5 3. d4 d6 4. Nf3 Bg4 5. Be2 e6 6. O-O Be7 7. c4 Nb6 8. Nc3
Nc6 9. exd6 cxd6 10. d5 exd5 11. cxd5 Bxf3 12. Bxf3 Ne5 13. Be4 Bf6 14. Qh5 Ng6
15. Bxg6 fxg6 16. Qe2+ Qe7 17. Qb5+ Kf7 18. Be3 Bxc3 19. bxc3 Rhc8 20. Bxb6
axb6 21. Rfe1 Qc7 22. a4 Ra5 23. Qe2 Qd7 24. c4 Rac5 25. Rec1 Qe7 26. Qd3 Qf6
27. Rab1 Qf5 28. Qd1 Kf8 29. Rxb6 Rxc4 30. Rxc4 Rxc4 31. h3 Qf4 32. Rb1 Rxa4
33. g3 Qe4 34. Rxb7 h6 35. Rb8+ Kf7 36. h4 Rc4 37. Qa1 Rc7 38. Rb5 Qf3 39. Qa2
Kg8 40. Rb8+ Kh7 1/2-1/2

[Event "MCRE_CF13"]
[Site "?"]
[Date "2006.??.??"]
[Round "?"]
[White "Svoboda, Frantisek"]
[Black "Cakl, Miloslav"]
[Result "1-0"]
[WhiteElo "1997"]
[BlackElo "1907"]
[PlyCount "81"]
[EventDate "2006.??.??"]
[EventType "corr"]
[EventRounds "2"]
[SourceDate "2007.01.09"]

1. Nc3 d5 2. d4 Nf6 3. Bg5 c6 4. e3 Nbd7 5. Nf3 Qb6 6. Rb1 h6 7. Bf4 g5 8. Bg3
Nh5 9. Be5 Rg8 10. h3 Nxe5 11. Nxe5 Nf6 12. Be2 Qc7 13. b4 e6 14. Ng4 Nd7 15.
e4 f5 16. exf5 exf5 17. Ne3 Nf6 18. Qd3 Qh7 19. b5 Qg6 20. Qd2 Rg7 21. Bd3 Re7
22. bxc6 bxc6 23. O-O h5 24. Ne2 Ne4 25. Qa5 Qd6 26. f3 Nc3 27. Qxc3 Rxe3 28.
f4 Bh6 29. fxg5 Bxg5 30. Kh1 Kf7 31. Ng1 Kg7 32. Nf3 Bf6 33. Rbe1 f4 34. Qd2 c5
35. dxc5 Qxc5 36. Rxe3 fxe3 37. Qe1 Qd6 38. Qxe3 Qc7 39. Qf2 Rb8 40. Ng5 Rb6
41. Nh7 1-0

[Event "MCRE_CF13"]
[Site "?"]
[Date "2006.??.??"]
[Round "?"]
[White "Svoboda, Frantisek"]
[Black "Popelka, Miloslav"]
[Result "1-0"]
[WhiteElo "1997"]
[BlackElo "2147"]
[PlyCount "67"]
[EventDate "2006.??.??"]
[EventType "corr"]
[EventRounds "2"]
[SourceDate "2007.01.09"]

1. Nc3 c5 2. Nf3 Nc6 3. d4 cxd4 4. Nxd4 Nf6 5. Bg5 e6 6. Qd2 Be7 7. O-O-O d5 8.
e4 Nxe4 9. Nxe4 dxe4 10. Bxe7 Qxe7 11. Qe3 Bd7 12. Qxe4 Nxd4 13. Rxd4 Bc6 14.
Qe5 O-O 15. Bc4 Rfd8 16. Rhd1 Rxd4 17. Rxd4 Rd8 18. g3 g6 19. f4 a6 20. a3 Rxd4
21. Qxd4 g5 22. Kd2 gxf4 23. Qxf4 Kg7 24. Bd3 h6 25. Ke3 Qg5 26. Qxg5+ hxg5 27.
Be4 f5 28. Bxc6 bxc6 29. h3 e5 30. b4 f4+ 31. Kf3 Kf6 32. Kg4 Ke6 33. c4 Kd6
34. Kf3 1-0

[Event "MCRE_CF13"]
[Site "?"]
[Date "2006.??.??"]
[Round "?"]
[White "Cakl, Miloslav"]
[Black "Stika, Vaclav"]
[Result "0-1"]
[WhiteElo "1907"]
[BlackElo "2142"]
[PlyCount "48"]
[EventDate "2006.??.??"]
[EventType "corr"]
[EventRounds "2"]
[SourceDate "2007.01.09"]

1. e4 e5 2. Nf3 Nf6 3. d4 Nxe4 4. Bd3 d5 5. Nxe5 Nd7 6. O-O Nxe5 7. dxe5 Nc5 8.
Be2 c6 9. Nd2 Be7 10. Re1 O-O 11. Nb3 f6 12. exf6 Rxf6 13. Be3 Qf8 14. c4 Be6
15. Nd4 Bf7 16. cxd5 Bxd5 17. Qc2 Qf7 18. Bf3 Ne6 19. Bxd5 cxd5 20. Qd2 Nxd4
21. Bxd4 Rg6 22. Qd3 Bd6 23. Rad1 Rd8 24. Re6 Rxe6 0-1

[Event "MCRE_CF13"]
[Site "?"]
[Date "2006.??.??"]
[Round "?"]
[White "Popelka, Miloslav"]
[Black "Glembek, Bohumir"]
[Result "1/2-1/2"]
[WhiteElo "2147"]
[BlackElo "2077"]
[PlyCount "86"]
[EventDate "2006.??.??"]
[EventType "corr"]
[EventRounds "2"]
[SourceDate "2007.01.09"]

1. e4 Nf6 2. e5 Nd5 3. d4 d6 4. Nf3 Bg4 5. Be2 e6 6. O-O a6 7. c4 Nb6 8. exd6
cxd6 9. Nc3 Be7 10. b3 d5 11. h3 Bh5 12. Bf4 O-O 13. c5 N6d7 14. Rb1 Bf6 15. b4
Nc6 16. Be3 b5 17. Qd2 Re8 18. Rfd1 Qc7 19. a4 bxa4 20. Nxa4 Qa7 21. Rb3 Reb8
22. Ra1 Qb7 23. Nc3 h6 24. Ra4 Rd8 25. Qd1 Nf8 26. g4 Bg6 27. Rba3 Nxb4 28. Qb3
Rdb8 29. Bxa6 Nxa6 30. Qxb7 Rxb7 31. Rxa6 Rxa6 32. Rxa6 Rb3 33. Bd2 Rb8 34. Kg2
Bd3 35. Ra3 Be4 36. Be3 Bxf3+ 37. Kxf3 g5 38. Ke2 Ng6 39. Ra6 Bd8 40. Na2 Kf8
41. Ra4 Rb2+ 42. Kd3 Rb7 43. Ra8 Ke7 1/2-1/2

[Event "MCRE_CF13"]
[Site "?"]
[Date "2006.??.??"]
[Round "?"]
[White "Glembek, Bohumir"]
[Black "Popelka, Miloslav"]
[Result "1/2-1/2"]
[WhiteElo "2077"]
[BlackElo "2147"]
[PlyCount "79"]
[EventDate "2006.??.??"]
[EventType "corr"]
[EventRounds "2"]
[SourceDate "2007.01.09"]

1. d4 Nf6 2. c4 e6 3. Nc3 Bb4 4. e3 O-O 5. Bd3 d5 6. Nge2 dxc4 7. Bxc4 c5 8. a3
Bxc3+ 9. bxc3 Qc7 10. Ba2 b6 11. Bb2 Ba6 12. O-O Rd8 13. Re1 Nc6 14. Nf4 Rac8
15. Rc1 Na5 16. Nxe6 fxe6 17. Bxe6+ Kh8 18. Bxc8 Bxc8 19. Qe2 Re8 20. f3 Be6
21. e4 Bc4 22. Qf2 Nh5 23. g3 Qf7 24. Rb1 Rc8 25. Qg2 Rc6 26. Bc1 Bd3 27. Rb2
Rc8 28. Rd1 Ba6 29. dxc5 Nc4 30. Rf2 bxc5 31. Qh3 Nf6 32. Qf5 g6 33. Qg5 Qe6
34. Bf4 Bb5 35. a4 Bc6 36. Be3 Nxe3 37. Qxe3 Nd7 38. a5 Ba4 39. Rb1 Bc6 40. Re2
1/2-1/2

[Event "MCRE_CF13"]
[Site "?"]
[Date "2006.??.??"]
[Round "?"]
[White "Popelka, Miloslav"]
[Black "Svoboda, Frantisek"]
[Result "1/2-1/2"]
[WhiteElo "2147"]
[BlackElo "1997"]
[PlyCount "77"]
[EventDate "2006.??.??"]
[EventType "corr"]
[EventRounds "2"]
[SourceDate "2007.01.09"]

1. e4 Nc6 2. Nf3 f5 3. exf5 d5 4. d4 Bxf5 5. Bb5 e6 6. Ne5 Nge7 7. Bg5 Qd6 8.
c4 dxc4 9. Nc3 Bd3 10. Qf3 O-O-O 11. Bxc6 Nxc6 12. Nxc6 Qxc6 13. Qxc6 bxc6 14.
Bxd8 Kxd8 15. O-O-O c5 16. d5 Bd6 17. g3 e5 18. Rhe1 Rf8 19. Rd2 Kd7 20. Re3 c6
21. dxc6+ Kxc6 22. f3 Bc7 23. Rd1 Rd8 24. Ne4 Rd4 25. h4 a6 26. Nf2 Bg6 27. Ne4
h6 28. g4 Bd8 29. h5 Bh7 30. Rg1 Bh4 31. Rg2 Bxe4 32. Rxe4 Bg5+ 33. Kc2 Bf4 34.
b3 Kb5 35. Rge2 Kb4 36. Kb2 Kb5 37. Rc2 cxb3 38. axb3 Rd1 39. Ree2 1/2-1/2